| 000 | 00725nam a22002057a 4500 | ||
|---|---|---|---|
| 999 |
_c19437 _d19437 |
||
| 003 | AR-CdUCM | ||
| 008 | 190223b ||||| |||| 00| 0 spa d | ||
| 040 |
_aMUNICIPALIDAD PROVINCIAL DEL CUSCO _cBIBLIOTECA MUNICIPAL DEL CUSCO |
||
| 082 |
_a869.566 / _bM26 |
||
| 100 |
_aMariategui, José Carlos _91823 |
||
| 245 | _aCorrespondencia 1915 - 1930 / | ||
| 260 |
_aLima : _bAmauta, _c1984. |
||
| 300 |
_a228 paginas ; _c25 cm. _bFotografĂas, imagenes |
||
| 440 |
_aBiblioteca Amauta _nObras completas de Jose Carlos Mariategui _940764 |
||
| 505 | _aContenido : El dialogo creador de Jose Carlos Mariategui -- Correspondencias... | ||
| 650 |
_aLiteratura _983 |
||
| 650 |
_aNovelas _9218 |
||
| 942 |
_2ddc _cLIBROS |
||
| 945 | _arcc | ||